Normal view
MARC view
- Gre program.
Entry Uniform Title
001 - CONTROL NUMBER
- control field: 8631
003 - CONTROL NUMBER IDENTIFIER
- control field: NUST
005 - DATE AND TIME OF LATEST TRANSACTION
- control field: 20180118114803.0
008 - FIXED-LENGTH DATA ELEMENTS
- fixed length control field: 180118|| aca||aabn | a|a d
040 ## - CATALOGING SOURCE
- Original cataloging agency: NUST
- Transcribing agency: NUST
130 ## - HEADING--UNIFORM TITLE
- Uniform title: Gre program.
670 ## - SOURCE DATA FOUND
- Source citation: Work cat.: (NUST)30264: Fogiel, M. 8629, The best test preparation for the gre graduate record examination :, 1988.
